[Event "Nordic Championship"]
[Site "Vaxjo"]
[Date "2017.06.29"]
[Round "5.25"]
[White "Carlsson, Ludvig"]
[Black "Buchert, Vitus"]
[Result "1-0"]
[WhiteElo "2088"]
[BlackElo "1970"]

1.f4 d5 2.Nf3 Nf6 3.g3 g6 4.Bg2 Bg7 5.O-O O-O 6.d3 c5 7.c3 Nc6 8.Na3 Re8 
9.Nh4 e5 10.f5 Ne7 11.e4 dxe4 12.dxe4 Qxd1 13.Rxd1 gxf5 14.exf5 Nxf5 15.
Bxb7 Bxb7 16.Nxf5 Be4 17.Nd6 Red8 18.Nac4 Bf3 19.Rf1 Be2 20.Re1 Bxc4 21.
Nxc4 e4 22.Bg5 Re8 23.Bxf6 Bxf6 24.Nd6 Reb8 25.Nxe4 Kg7 26.Re2 Be7 27.Rd1 
Rd8 28.Red2 Rxd2 29.Rxd2 f5 30.Rd7 Kf7 31.Nxc5 Ke8 32.Rd5 Bxc5+ 33.Rxc5 
Rd8 34.Rxf5 Rd2 35.Rf2 Rd1+ 36.Kg2 Ke7 37.g4 1-0

[Event "Nordic Championship"]
[Site "Vaxjo"]
[Date "2017.06.29"]
[Round "5.26"]
[White "Wahlund, Max"]
[Black "Sukhayanudit, Apichai"]
[Result "1-0"]
[WhiteElo "2142"]
[BlackElo "1819"]

1.d4 d5 2.c4 c6 3.cxd5 cxd5 4.Bg5 Qb6 5.Nc3 e6 6.Rc1 Nc6 7.Nf3 f6 8.Bd2 
Qxb2 9.e3 Qb6 10.Bb5 Bd7 11.O-O Kf7 12.Ba4 a6 13.e4 dxe4 14.Nxe4 Qd8 15.
Re1 g6 16.Bb3 Nb4 17.Neg5+ Kg7 18.Nxe6+ Bxe6 19.Rxe6 Nd5 20.Bxd5 Qxd5 21.
Rc7+ Be7 22.Rexe7+ Nxe7 23.Rxe7+ Kf8 24.Qe2 g5 25.Rc7 Qd6 26.Qc4 Ke8 27.
Bb4 1-0

[Event "Nordic Championship"]
[Site "Vaxjo"]
[Date "2017.06.29"]
[Round "5.27"]
[White "Petersson, Baldur Teodor"]
[Black "Halvarsson, Peter"]
[Result "1-0"]
[WhiteElo "2086"]
[BlackElo "1889"]

1.e4 c5 2.Nc3 g6 3.g3 Bg7 4.Bg2 Nc6 5.d3 d6 6.f4 Nf6 7.Nf3 a6 8.O-O O-O 9.
h3 Bd7 10.g4 Nd4 11.Be3 Ne8 12.e5 Nxf3+ 13.Bxf3 Bc6 14.Bxc6 bxc6 15.Qf3 
Qc7 16.Ne4 Rd8 17.c3 Qb7 18.Rf2 Qb5 19.exd6 exd6 20.f5 f6 21.Rd1 c4 22.d4 
Qd5 23.Re2 Nc7 24.Rde1 g5 25.Bf2 Rfe8 26.Bg3 Kf8 27.Qh1 Kf7 28.Nxd6+ Rxd6 
29.Qxd5+ Rxd5 30.Bxc7 Rxe2 31.Rxe2 Rb5 32.a4 Rb7 33.Bd6 a5 34.Re6 Rxb2 35.
Re7+ Kg8 36.Ra7 Rb3 37.Rxa5 Rxc3 38.Rc5 Rc1+ 39.Kf2 Bf8 40.Bxf8 Kxf8 41.
Rxc6 Ke7 42.Ke2 Rc2+ 43.Ke3 Rc3+ 44.Ke4 Rxh3 45.Rxc4 Kd6 46.Rb4 h5 47.Rb6+
Ke7 48.gxh5 Rxh5 49.Kd5 g4 50.Rb7+ Kf8 51.Ke6 g3 52.Rb1 g2 53.Rg1 Rh4 54.
d5 Rxa4 55.Rxg2 Rd4 56.Rg6 Rd1 57.Rxf6+ Ke8 58.Rh6 Re1+ 59.Kd6 Rd1 60.Re6+
Kd8 61.Rh6 Ke8 62.Rh8+ Kf7 63.Kc6 Rc1+ 64.Kd7 Rc5 65.d6 Rxf5 66.Kc6 Rf6 
67.Kc7 Ke6 68.Re8+ Kd5 69.d7 1-0

[Event "Nordic Championship"]
[Site "Vaxjo"]
[Date "2017.06.29"]
[Round "5.28"]
[White "Green, Per"]
[Black "Knoppel, Bjorn"]
[Result "1-0"]
[WhiteElo "1965"]
[BlackElo "1805"]

1.c4 f5 2.g3 Nf6 3.Bg2 e6 4.Nf3 Be7 5.d3 O-O 6.Nc3 d6 7.d4 a5 8.b3 Ne4 9.
Bb2 Bf6 10.Qc2 Nxc3 11.Bxc3 Nc6 12.O-O e5 13.dxe5 dxe5 14.Rfd1 Qe7 15.e4 
f4 16.gxf4 exf4 17.e5 Bh4 18.Qe4 Bg4 19.Rd2 Rae8 20.Re1 Kh8 21.Rd5 Bxf3 
22.Qxf3 Qg5 23.Kf1 Re6 24.Bh3 Rg6 25.e6 Qg1+ 26.Ke2 Qxh2 27.Rh1 Qxf2+ 28.
Qxf2 Bxf2 29.Kxf2 Rg3 30.Bd2 Nb4 31.e7 1-0

[Event "Nordic Championship"]
[Site "Vaxjo"]
[Date "2017.06.29"]
[Round "5.29"]
[White "Ranby, Hans"]
[Black "Nilsson, Mattias"]
[Result "0-1"]
[WhiteElo "1873"]
[BlackElo "1947"]

1.c4 e5 2.Nc3 Nf6 3.g3 Be7 4.Bg2 O-O 5.d3 d6 6.Nf3 Nc6 7.O-O Bg4 8.Bg5 h6 
9.Bxf6 Bxf6 10.Rb1 Re8 11.b4 Rb8 12.Qd2 Qd7 13.Nd5 Bd8 14.e3 Qf5 15.e4 Qh5
16.Qe3 Bxf3 17.Bxf3 Qg6 18.Bg2 Nd4 19.a4 c6 20.Nc3 a5 21.b5 Bb6 22.Rb2 Bc5
23.bxc6 bxc6 24.Rfb1 Rxb2 25.Rxb2 Nc2 26.Qd2 Nb4 27.Nd1 Qg4 28.Ne3 Bxe3 
29.fxe3 c5 30.Rb1 Qd7 31.Qd1 Qc6 32.Bh3 Re7 33.Rb2 Rb7 34.Rf2 Na6 35.Qg4 
Qe8 36.Qf5 Rb4 37.g4 Rxa4 38.g5 Ra1+ 39.Kg2 hxg5 40.Qxg5 Nb4 41.Bf5 Ra2 
42.Rxa2 Nxa2 43.Qg4 Nb4 44.Qe2 g6 45.Bg4 Qa4 46.Qf3 Nxd3 47.Qf6 Qxc4 48.
Qd8+ Kg7 49.Qxa5 Qxe4+ 50.Bf3 Qxe3 51.Bc6 Qf2+ 52.Kh3 Nf4+ 53.Kg4 Qxh2 54.
Qc7 Qh3+ 0-1

[Event "Nordic Championship"]
[Site "Vaxjo"]
[Date "2017.06.29"]
[Round "5.30"]
[White "Skjoldager, Flemming"]
[Black "Ottosson, Bjorn"]
[Result "1/2-1/2"]
[WhiteElo "1906"]
[BlackElo "1761"]

1.Nf3 c5 2.e4 Nc6 3.d4 cxd4 4.Nxd4 Nf6 5.Nc3 Qa5 6.Nb3 Qc7 7.g3 e5 8.Bg2 
h6 9.O-O d6 10.h3 a6 11.Be3 Be6 12.Qd2 Rc8 13.Kh2 Na5 14.Nxa5 Qxa5 15.f4 
Be7 16.g4 Qb4 17.Rab1 Bxa2 18.Nxa2 Qxd2 19.Bxd2 Rxc2 20.Rfd1 exf4 21.Bxf4 
Nxe4 22.Rdc1 Rf2 23.Be3 Re2 24.Rc8+ Bd8 25.Bd4 Nd2 26.Nc3 Rxg2+ 27.Kxg2 
Nxb1 28.Nxb1 Kd7 29.Ra8 f6 30.Nc3 h5 31.Nd5 hxg4 32.hxg4 Re8 33.Kf3 Re1 
34.Ne3 g6 35.Ke4 f5+ 36.gxf5 gxf5+ 37.Kxf5 Re2 38.Kf4 Rf2+ 39.Ke4 Bg5 40.
Rg8 Bxe3 41.Kxe3 Rf5 42.Kd3 Kc6 43.Rc8+ Kd5 44.Rc7 Rf4 45.Bc3 b5 46.b4 Rf2
47.Bd2 Rf3+ 48.Kc2 Rf8 49.Kb3 Rb8 50.Be3 1/2-1/2

[Event "Nordic Championship"]
[Site "Vaxjo"]
[Date "2017.06.29"]
[Round "5.31"]
[White "Fakhr Eldin, Majed"]
[Black "Eriksson, Per"]
[Result "0-1"]
[WhiteElo "1450"]
[BlackElo "1891"]

1.e4 c5 2.Nc3 e6 3.f4 a6 4.Nf3 Nc6 5.a4 d5 6.e5 Nge7 7.Be2 Nf5 8.O-O Be7 
9.g4 Nfd4 10.d3 O-O 11.Be3 Nxf3+ 12.Rxf3 d4 13.Ne4 dxe3 14.c3 b6 15.Qf1 f5
16.exf6 Bxf6 17.g5 Be7 18.Qh3 e5 19.f5 Bxg5 20.Qh5 Bf4 21.f6 g6 22.Qh4 Bf5
23.Rxf4 exf4 24.Ng5 Ra7 25.d4 Qxf6 26.Bc4+ Kh8 27.dxc5 bxc5 28.Rd1 Ne5 29.
Nf7+ Raxf7 0-1

[Event "Nordic Championship"]
[Site "Vaxjo"]
[Date "2017.06.29"]
[Round "5.32"]
[White "Sjostrand, Joel"]
[Black "Johansson, Robert"]
[Result "1-0"]
[WhiteElo "1890"]
[BlackElo "1397"]

1.c4 e6 2.g3 d5 3.Bg2 Nf6 4.Nf3 Be7 5.O-O O-O 6.b3 c5 7.Bb2 Nc6 8.cxd5 
exd5 9.d4 h6 10.e3 Bg4 11.h3 Be6 12.Nc3 Qd7 13.Kh2 g5 14.dxc5 g4 15.Nd4 
Nxd4 16.Qxd4 Rac8 17.b4 b6 18.h4 bxc5 19.bxc5 Rxc5 20.Rfd1 Rd8 21.Qf4 Kg7 
22.Ne4 Rc4 23.Nxf6 1-0

[Event "Nordic Championship"]
[Site "Vaxjo"]
[Date "2017.06.29"]
[Round "5.34"]
[White "Svensson, Bengt"]
[Black "Nebrin, Johan"]
[Result "1/2-1/2"]
[WhiteElo "1784"]
[BlackElo "1834"]

1.e4 e5 2.Nc3 Nf6 3.Bc4 Bc5 4.d3 h6 5.Na4 Bb6 6.Nxb6 axb6 7.h3 Nc6 8.a3 
O-O 9.Ne2 d5 10.exd5 Nxd5 11.Bxd5 Qxd5 12.O-O Bf5 13.Ng3 Bg6 14.f4 exf4 
15.Rxf4 Rfe8 16.Bd2 Re7 17.Bc3 Rae8 18.Qf3 Qxf3 19.Rxf3 Re3 20.Rxe3 Rxe3 
21.Kf2 Re6 22.a4 Ne7 23.Ne2 Nd5 24.Bd2 Rf6+ 25.Kg1 Bf5 26.Ng3 Bd7 27.b3 
Rg6 28.Kh2 Bc6 29.Nf5 Bd7 30.Ng3 f5 31.c4 Ne7 32.Ne2 Bc6 33.Rg1 Rd6 34.d4 
Be4 35.Bf4 Rd7 36.Rc1 g5 37.Bd2 Bd3 38.Re1 Bc2 39.Bb4 Nc6 40.Bc3 Bxb3 41.
d5 Na5 42.Nd4 Bxc4 43.Nxf5 h5 44.Re6 Rxd5 45.Rg6+ Kf7 46.Rxg5 Bb3 47.Rxh5 
Bxa4 48.g4 Rc5 49.Rh7+ Ke6 50.Bb4 Rb5 51.Nd4+ Kf6 52.Nxb5 Bxb5 53.Rxc7 Bc6
54.h4 Nc4 55.Bc3+ Kg6 56.Kg3 Ne3 57.Rg7+ Kh6 58.g5+ Kh5 59.Rg8 Nf5+ 60.Kh3
Bd7 61.Ra8 Nxh4+ 62.Kg3 Kxg5 63.Rg8+ Kf5 64.Kxh4 Ke4 65.Rd8 Bc6 66.Kg3 Ke3
67.Bd4+ Kd3 68.Bxb6+ Kc4 69.Kf2 Kb5 70.Be3 Kc4 71.Ke2 Kc3 72.Rc8 Kc2 73.
Bd2 Kb2 74.Kd3 Kb3 75.Bc3 Ka3 76.Kc4 Ka2 77.Ra8+ Kb1 78.Kd3 Bb5+ 79.Kd2 
Ba6 80.Rh8 Bb5 81.Rh1+ Ka2 82.Kc2 Ba4+ 83.Kc1 b5 84.Rh4 Kb3 85.Kd2 Ka2 86.
Rb4 Ka3 87.Rb1 Ka2 88.Rh1 Kb3 89.Rh4 Ka2 90.Ba5 Ka3 91.Kc3 Ka2 92.Bb4 Kb1 
93.Ba3 Ka2 94.Bb2 Bb3 95.Bc1 Bc4 96.Rh2+ Kb1 97.Be3 Ka1 98.Kc2 Ka2 99.Bc5 
Ka1 100.Rh1+ Ka2 101.Rh3 Ka1 102.Ra3+ Ba2 103.Kc3 Kb1 104.Kb4 Bc4 105.Kc3 
Be6 106.Be3 Bc4 107.Bc1 Be6 108.Bb2 Ba2 109.Ra5 b4+ 110.Kxb4 Kxb2 111.Rc5 
Bb1 112.Rc8 Ba2 113.Re8 Bf7 114.Re2+ Kc1 115.Kc3 Kd1 116.Rf2 Bg6 117.Rf6 
Bh7 118.Rh6 Bf5 119.Rh2 Bg6 120.Rd2+ Ke1 121.Ra2 Bf5 122.Kd4 Be6 123.Rb2 
Bf5 124.Rh2 1/2-1/2

[Event "Nordic Championship"]
[Site "Vaxjo"]
[Date "2017.06.29"]
[Round "5.35"]
[White "Lindvall, Per"]
[Black "Fernandez, Juan Pablo"]
[Result "0-1"]
[WhiteElo "1721"]
[BlackElo "2045"]

1.Nf3 c5 2.b3 Nc6 3.Bb2 d6 4.g3 e5 5.d3 g6 6.Bg2 Bg7 7.Nbd2 Nge7 8.O-O O-O
9.e4 f5 10.Nc4 b5 11.Ncd2 f4 12.a4 b4 13.Nc4 h6 14.gxf4 Rxf4 15.Bc1 Rf7 
16.Ne3 Be6 17.Kh1 Qd7 18.Rg1 Raf8 19.Qe2 Rxf3 20.Bxf3 Nd4 21.Qf1 Nxf3 22.
Rg3 Nh4 23.f3 g5 24.Qe2 Neg6 25.Bb2 Nf4 26.Qd2 Nh5 27.Rf1 Nxg3+ 28.hxg3 
Nxf3 29.Qf2 Nd4 30.Qg1 Rxf1 31.Qxf1 Qf7 32.Kg2 Qh5 33.Nf5 Bxf5 34.exf5 
Nxc2 35.Bc1 Nd4 36.f6 Qe2+ 0-1

[Event "Nordic Championship Women"]
[Site "Vaxjo"]
[Date "2017.06.29"]
[Round "3.1"]
[White "Johansson, Viktoria"]
[Black "Kakulidis, Ellen"]
[Result "1/2-1/2"]
[WhiteElo "2114"]
[BlackElo "1914"]

1.d4 d5 2.c4 e6 3.Nf3 Nf6 4.g3 Be7 5.Bg2 O-O 6.O-O Nbd7 7.Qc2 c6 8.Nbd2 b6
9.Rd1 Bb7 10.b3 Rc8 11.Bb2 c5 12.dxc5 Bxc5 13.e3 Qe7 14.Nd4 Ba8 15.a4 a5 
16.Nb5 Rfd8 17.Rac1 Bb4 18.Na7 Rc7 19.Nb5 Rcc8 20.Na7 Rc7 21.Nb5 Rcc8 22.
Na7 1/2-1/2

[Event "Nordic Championship Women"]
[Site "Vaxjo"]
[Date "2017.06.29"]
[Round "3.2"]
[White "Mariano-Wagman, Cristine Rose"]
[Black "Fredericia, Louise"]
[Result "0-1"]
[WhiteElo "1933"]
[BlackElo "2089"]

1.e4 c5 2.Ne2 g6 3.Nbc3 Bg7 4.g3 Nc6 5.Bg2 Rb8 6.a4 d6 7.d3 Nf6 8.O-O O-O 
9.f4 Ne8 10.f5 e6 11.g4 exf5 12.exf5 Qh4 13.h3 gxf5 14.gxf5 Be5 15.Ne4 f6 
16.c3 Kh8 17.d4 cxd4 18.cxd4 Rg8 19.Qd3 d5 20.Ng5 Bxd4+ 21.Nxd4 Qxd4+ 22.
Qxd4 Nxd4 23.Nf7+ Kg7 24.Nh6 Rf8 25.Ng4 Ne2+ 26.Kh2 Nxc1 27.Raxc1 h5 28.
Ne3 d4 29.Nd5 Rf7 30.Bf3 Kh6 31.Be4 Nd6 32.Bd3 Bd7 33.Rf4 Bc6 34.Rxd4 Rd8 
35.Nf4 Rdd7 36.Rg1 Ne8 37.Rg6+ Kh7 38.Rxd7 Rxd7 39.Bc4 Rg7 40.b3 Be4 41.
Be6 Rxg6 42.Nxg6 Nd6 43.Ne7 Kg7 44.Kg3 Kf8 45.Ng6+ Kg7 46.Kf4 Bc2 47.Ne7 
a5 48.h4 Ne4 49.Ke3 Nc5 50.Kd4 Nxe6+ 51.fxe6 Bxb3 52.Nf5+ Kf8 53.e7+ Ke8 
54.Nd6+ Kxe7 55.Nxb7 Bxa4 56.Nxa5 Ke6 57.Ke4 Bd1 58.Nc4 Bg4 59.Ne3 Be2 60.
Kf4 Bb5 61.Nf5 Be8 62.Ng7+ Ke7 63.Kf5 Bf7 64.Kf4 Bg6 65.Nf5+ Bxf5 66.Kxf5 
Kf7 67.Kf4 Ke6 68.Ke4 f5+ 69.Kf4 Kf6 70.Kf3 Ke5 71.Ke3 f4+ 72.Kf3 Kf5 73.
Kf2 Kg4 74.Kg2 Kxh4 75.Kh2 f3 76.Kh1 Kg3 77.Kg1 f2+ 78.Kf1 h4 0-1

[Event "Nordic Championship Women"]
[Site "Vaxjo"]
[Date "2017.06.29"]
[Round "3.3"]
[White "Ptacnikova, Lenka"]
[Black "Lindberg, Cajsa"]
[Result "1-0"]
[WhiteElo "2207"]
[BlackElo "1734"]

1.c4 c5 2.Nf3 Nc6 3.Nc3 e5 4.e3 g6 5.d4 cxd4 6.exd4 exd4 7.Nxd4 Bg7 8.Ndb5
Bxc3+ 9.bxc3 d5 10.Bf4 Be6 11.Nc7+ Kf8 12.Nxa8 1-0

[Event "Nordic Championship Women"]
[Site "Vaxjo"]
[Date "2017.06.29"]
[Round "3.4"]
[White "Eriksson, Ofelia"]
[Black "Fredericia Nilssen, Ellen"]
[Result "0-1"]
[WhiteElo "1742"]
[BlackElo "1948"]

1.d4 Nf6 2.Bf4 d5 3.e3 e6 4.Nf3 c5 5.c3 Nc6 6.Bd3 Be7 7.Ne5 Qb6 8.b3 Bd7 
9.O-O cxd4 10.exd4 Rc8 11.Nxd7 Nxd7 12.Re1 Nf6 13.Re3 h5 14.h3 a6 15.Qf3 
Na7 16.Re1 Nb5 17.Bd2 Nd6 18.Qd1 Nde4 19.b4 Bxb4 20.Qa4+ Rc6 21.Qxb4 Qc7 
22.a4 g5 23.c4 g4 24.h4 g3 25.f3 Nf2 26.Be2 dxc4 27.Nc3 Qd8 28.d5 Nxd5 29.
Nxd5 Qxh4 30.Qe7+ Qxe7 31.Nxe7 Kxe7 32.Be3 Nd3 33.Bxd3 cxd3 34.Ra3 Rd8 35.
Rd1 Rc2 36.Raxd3 Rxd3 37.Rxd3 Ra2 38.Bc5+ Kf6 39.Ra3 Rc2 40.Be3 Rc4 41.Kf1
Rb4 42.Ra2 b5 43.axb5 axb5 44.Rb2 Rxb2 45.Bd4+ e5 46.Bxb2 Ke6 47.Ke2 f5 
48.Ba3 Kd5 49.Be7 Kc4 50.Bd6 Kd4 51.f4 e4 52.Be7 Kc3 53.Bf6+ Kc2 54.Be7 
Kc3 55.Bf6+ Kb3 56.Kd1 b4 57.Bh4 Ka2 58.Bxg3 b3 0-1

[Event "Nordic Championship Women"]
[Site "Vaxjo"]
[Date "2017.06.29"]
[Round "3.5"]
[White "Cramling, Anna"]
[Black "Olsson, Linn"]
[Result "1/2-1/2"]
[WhiteElo "1912"]
[BlackElo "1796"]

1.d4 Nf6 2.c4 e6 3.Nc3 d5 4.cxd5 exd5 5.Bg5 Be7 6.e3 O-O 7.Qc2 h6 8.Bf4 c6
9.h3 Bd6 10.Bxd6 Qxd6 11.Bd3 Bd7 12.Nf3 c5 13.dxc5 Qxc5 14.O-O Nc6 15.Qd2 
Rad8 16.Rac1 Qe7 17.Ne2 Ne4 18.Qd1 Ne5 19.Nxe5 Qxe5 20.Nd4 Qf6 21.Qh5 Rfe8
22.Bxe4 dxe4 23.f4 Be6 24.Rc5 g6 25.Qe5 Qe7 26.Nxe6 Qxe6 27.Qxe6 Rxe6 28.
f5 Re7 29.fxg6 fxg6 30.Rfc1 Kf7 31.Rc7 Rdd7 32.Rxd7 Rxd7 33.Rc4 Re7 34.Kf2
Kf6 35.Ra4 a6 36.Rb4 Kf5 37.Rb6 Rf7 38.Ke2 h5 39.a4 Rc7 40.Kd1 Rd7+ 41.Ke2
h4 42.a5 Rc7 43.Kd2 Rc5 44.b4 Rd5+ 45.Ke2 Rb5 46.Kd2 Rd5+ 47.Ke2 Rb5 48.
Kd2 1/2-1/2

[Event "Nordic Championship"]
[Site "Vaxjo"]
[Date "2017.06.29"]
[Round "6.1"]
[White "Hjartarson, Johann"]
[Black "Grandelius, Nils"]
[Result "1/2-1/2"]
[WhiteElo "2541"]
[BlackElo "2655"]

1.e4 e5 2.Nf3 Nc6 3.Bb5 a6 4.Ba4 Nf6 5.O-O Be7 6.d3 b5 7.Bb3 d6 8.a3 O-O 
9.Nc3 Na5 10.Ba2 Be6 11.Bg5 c5 12.b4 Nc6 13.Bxf6 Bxf6 14.Nd5 Rc8 15.c3 
Bxd5 16.Bxd5 Ne7 17.Qb3 Qc7 18.Rfd1 cxb4 19.axb4 Qxc3 20.Qxc3 Rxc3 21.Rxa6
Nxd5 22.exd5 Rb3 23.Rxd6 Rxb4 24.Rb6 Rd8 25.d6 g6 26.Kf1 Bg7 27.Rc1 e4 28.
dxe4 Rxe4 29.Rxb5 Re6 30.Rd5 Rexd6 31.Rxd6 Rxd6 32.Rc8+ Bf8 33.g3 Kg7 34.
Ke2 Re6+ 35.Kf1 Be7 36.h4 Bf6 37.Rc2 h5 38.Re2 Rxe2 39.Kxe2 Bd8 40.Ne5 Bc7
1/2-1/2

[Event "Nordic Championship"]
[Site "Vaxjo"]
[Date "2017.06.29"]
[Round "6.2"]
[White "Johansson, Linus"]
[Black "Rasmussen, Allan Stig"]
[Result "1/2-1/2"]
[WhiteElo "2448"]
[BlackElo "2540"]

1.d4 Nf6 2.c4 e6 3.Nc3 Bb4 4.e3 O-O 5.Bd3 d5 6.cxd5 exd5 7.Ne2 Re8 8.Bd2 
Bd6 9.Rc1 a6 10.O-O Nbd7 11.f3 c5 12.Qe1 b5 13.a3 Bb7 14.Qh4 Rc8 15.g4 g6 
16.g5 Nh5 17.Ng3 Ng7 18.f4 f5 19.gxf6 Qxf6 20.Qg4 Nf8 21.f5 h5 22.Qf3 h4 
23.Nge2 Nxf5 24.Bxf5 Qxf5 25.Qxf5 gxf5 26.Rxf5 cxd4 27.exd4 Rc7 28.Bf4 
Rg7+ 29.Kf2 Bc8 30.Rg5 Rxg5 31.Bxg5 Ng6 32.Nxd5 Rf8+ 33.Ke3 Bxh2 34.Rh1 
Bd6 35.Ndf4 Nxf4 36.Bxf4 Re8+ 37.Kd2 Rxe2+ 38.Kxe2 Bxf4 39.Rxh4 Bc1 40.b3 
Be6 41.a4 Bxb3 42.axb5 axb5 43.Kd3 Ba3 44.Rh5 Bc4+ 45.Kc3 Kf7 46.Rh8 Ke6 
47.Rh6+ Kd5 48.Rh5+ Kc6 49.Rh8 Bd6 50.Rh5 Bf7 51.Rf5 b4+ 52.Kb2 Bd5 53.Rf6
Kc7 54.Rf5 Kc6 55.Rf6 Kd7 56.Rf5 Ke6 57.Rh5 Bg3 58.Kc2 Kd6 59.Rg5 Be1 60.
Rg1 Bf2 61.Rg4 Bc4 62.Rf4 Be1 63.Rf5 Bd5 64.Rg5 Kc6 65.Rh5 Bf2 66.Kd3 Bb3 
67.Rh2 Be1 68.Rh1 Bc3 69.Rc1 Kd5 70.Rxc3 bxc3 71.Kxc3 Bc4 72.Kb2 Kxd4 
1/2-1/2

[Event "Nordic Championship"]
[Site "Vaxjo"]
[Date "2017.06.29"]
[Round "6.3"]
[White "Blomqvist, Erik"]
[Black "Westerberg, Jonathan"]
[Result "0-1"]
[WhiteElo "2554"]
[BlackElo "2468"]

1.Nf3 d5 2.g3 Nf6 3.Bg2 e6 4.O-O Be7 5.c4 O-O 6.d4 dxc4 7.Ne5 Qd6 8.Nxc4 
Qa6 9.Qb3 Rd8 10.Nc3 Nc6 11.e3 Na5 12.Nxa5 Qxa5 13.Rd1 Qb6 14.Qc2 Bd7 15.
e4 Bc6 16.d5 exd5 17.Nxd5 Bxd5 18.exd5 Qc5 19.Qe2 Re8 20.Be3 Bd6 21.a3 Qa5
22.Qc2 Qb5 23.Bd4 Nxd5 24.Bxg7 Ne3 25.fxe3 Kxg7 26.Rd5 Qb6 27.Rg5+ Kf8 28.
Kh1 Qxe3 29.Rh5 Re5 30.Rxh7 Rc5 31.Qd1 Re8 32.Qf1 Re7 33.Bxb7 c6 34.Rh4 
Rxb7 35.Re1 Qg5 36.Qh3 Rf5 37.Rg4 Qh5 38.Rh4 Qf3+ 0-1

[Event "Nordic Championship"]
[Site "Vaxjo"]
[Date "2017.06.29"]
[Round "6.4"]
[White "Smith, Axel"]
[Black "Lokander, Martin"]
[Result "1/2-1/2"]
[WhiteElo "2505"]
[BlackElo "2329"]

1.d4 d5 2.c4 c6 3.Nf3 Nf6 4.e3 e6 5.b3 Nbd7 6.Bd3 Bd6 7.Bb2 O-O 8.O-O b6 
9.Ne5 Bb7 10.Nd2 c5 11.f4 Ne4 12.Rc1 Nxd2 13.Qxd2 cxd4 14.exd4 Rc8 15.Qe3 
Qe7 16.Nxd7 Qxd7 17.c5 Be7 18.b4 Bf6 19.Qe2 Qa4 20.a3 a6 21.Qc2 Qxc2 22.
Rxc2 b5 23.Ra1 Bc6 24.a4 bxa4 25.Bxa6 Rb8 26.b5 Bxb5 27.Bxb5 Rxb5 28.Rxa4 
h5 29.Kf2 Rfb8 30.Bc3 Rb3 31.Ke2 Kh7 32.c6 Rc8 33.Ba5 Kg6 34.c7 Kf5 35.Rb4
Rxb4 36.Bxb4 Bxd4 37.Bd6 Ke4 38.Rc1 Bb6 39.g3 d4 40.Rc6 d3+ 41.Kd1 Ba5 
1/2-1/2

[Event "Nordic Championship"]
[Site "Vaxjo"]
[Date "2017.06.29"]
[Round "6.5"]
[White "Johansson, Carl Fredrik"]
[Black "Ziska, Helgi Dam"]
[Result "0-1"]
[WhiteElo "2173"]
[BlackElo "2544"]

1.d4 Nf6 2.c4 g6 3.Nc3 Bg7 4.e4 d6 5.f4 O-O 6.Nf3 c5 7.d5 e6 8.Be2 exd5 9.
cxd5 Bg4 10.O-O Nbd7 11.h3 Bxf3 12.Bxf3 Re8 13.g4 h6 14.Qc2 Nh7 15.e5 dxe5
16.f5 g5 17.d6 Qb6 18.Be3 e4 19.Nxe4 Nhf6 20.Bf2 Nxe4 21.Bxe4 Bd4 22.Bxd4 
cxd4 23.Qg2 d3+ 24.Kh1 Nc5 25.Bf3 Rad8 26.a3 Qxd6 27.h4 Re3 28.Rae1 Rxe1 
29.Rxe1 d2 30.Rd1 Na4 31.hxg5 hxg5 32.Qf2 Nxb2 33.Qe3 Qh6+ 34.Kg2 Nxd1 0-1

[Event "Nordic Championship"]
[Site "Vaxjo"]
[Date "2017.06.29"]
[Round "6.6"]
[White "Thybo, Jesper Sondergaard"]
[Black "Schneider, Stefan"]
[Result "1/2-1/2"]
[WhiteElo "2465"]
[BlackElo "2360"]

1.Nf3 d5 2.d4 Nf6 3.c4 dxc4 4.e3 Bg4 5.Bxc4 e6 6.Nc3 Nc6 7.h3 Bh5 8.Bb5 
Bd6 9.Qa4 Bxf3 10.gxf3 O-O 11.Bxc6 bxc6 12.Qxc6 Rb8 13.f4 Nd5 14.Nxd5 exd5
15.Kf1 Be7 16.b3 Rb6 17.Qc2 Qd7 18.Qe2 Rh6 19.Kg2 Rb8 20.Bd2 Rbb6 21.Qf3 
Ba3 22.Rag1 Rbc6 23.Be1 Rc2 24.Kh2 Rxa2 25.Rg5 c6 26.Rhg1 Bf8 27.f5 Qd6+ 
28.Kh1 Kh8 29.Qg4 g6 30.fxg6 hxg6 31.Re5 Qd8 32.Rg5 Be7 33.Rf5 Qd7 34.Rh5 
Qxg4 35.Rxh6+ Kg7 36.hxg4 Kxh6 37.Kg2 Rb2 38.Ba5 Rxb3 39.Rc1 Rb5 40.Bd2 
Rb2 41.Be1 Rb6 42.Ba5 Rb5 43.Bd2 Rb2 44.Be1 Rb6 45.Ba5 Ra6 46.Bc7 Kg5 47.
Kg3 Kf6 48.f4 Ke6 49.Be5 Rb6 50.Ra1 f6 51.Bc7 Rb7 52.Ba5 c5 53.dxc5 Bxc5 
54.Bd2 Rb3 55.Ra6+ Bb6 56.Kf2 d4 57.exd4 Kd5 58.Ke2 Kxd4 59.Ra4+ Kd5 60.g5
f5 61.Ra1 Ke4 62.Ra4+ Kd5 63.Ra1 Rh3 64.Rc1 Bc5 65.Rb1 Ke4 66.Rb8 Rh2+ 67.
Kd1 Bb6 68.Rb7 Bd4 69.Kc2 Bb6 70.Re7+ Kf3 71.Kd3 Rxd2+ 72.Kxd2 Kxf4 73.Re6
Kxg5 74.Ke2 Kh5 75.Kf3 g5 76.Rf6 f4 77.Rf7 Be3 78.Rh7+ Kg6 79.Rb7 Kh5 80.
Rh7+ Kg6 81.Rb7 Kh5 1/2-1/2

[Event "Nordic Championship"]
[Site "Vaxjo"]
[Date "2017.06.29"]
[Round "6.7"]
[White "Dragicevic, Drazen"]
[Black "Kjartansson, Gudmundur"]
[Result "1-0"]
[WhiteElo "2306"]
[BlackElo "2464"]

1.Nf3 Nf6 2.c4 e6 3.b3 Be7 4.g3 O-O 5.Bg2 d5 6.Bb2 c5 7.cxd5 Nxd5 8.O-O b6
9.d4 cxd4 10.Nxd4 Bb7 11.Nd2 Nc6 12.Ne4 Rc8 13.Rc1 Qd7 14.Nxc6 Bxc6 15.Qd4
f6 16.Rfd1 Rfd8 17.Bh3 Bf8 18.Rd2 Qe8 19.Rcd1 Bb4 20.Ng5 e5 21.Qe4 Qg6 22.
Be6+ Kh8 23.Nf7+ Qxf7 24.Bxf7 Bxd2 25.Rxd2 Ne7 26.Rxd8+ Rxd8 27.Qc2 1-0

[Event "Nordic Championship"]
[Site "Vaxjo"]
[Date "2017.06.29"]
[Round "6.8"]
[White "Ernst, Thomas"]
[Black "Kenneskog, Theodor"]
[Result "1/2-1/2"]
[WhiteElo "2381"]
[BlackElo "2318"]

1.e4 c5 2.Nf3 d6 3.d4 cxd4 4.Nxd4 Nf6 5.Nc3 a6 6.Be3 e5 7.Nf3 Qc7 8.a4 Be7
9.a5 Nbd7 10.Be2 O-O 11.O-O Nc5 12.Nd2 Be6 13.Bg5 Ncd7 14.Bf3 h6 15.Be3 b5
16.axb6 Nxb6 17.Re1 Rfb8 18.Ra3 Nc4 19.Nxc4 Bxc4 20.Qa1 d5 21.exd5 Bxa3 
22.Qxa3 Qb7 23.b3 Bxd5 24.Nxd5 Nxd5 25.c4 Qb4 26.Qxb4 Nxb4 27.Bxa8 Rxa8 
28.Bd2 Nd3 29.Re3 Nc5 30.b4 Rd8 31.Bc3 Na4 32.Be1 Nb2 33.Rxe5 Nxc4 34.Rc5 
Nb2 35.Rc1 Nd3 36.Rd1 Rd5 37.Ra1 Nxe1 38.Rxe1 Rb5 39.Re8+ Kh7 40.Ra8 Rxb4 
41.h4 Rxh4 42.Rxa6 Rd4 43.g3 h5 44.Kg2 h4 45.gxh4 Rxh4 46.Rb6 f6 47.Rb5 
Kg6 48.Rb7 f5 49.Kg3 Rd4 50.Ra7 Re4 51.f3 Re6 52.Kf4 Kf6 53.Ra5 g6 54.Rb5 
Rc6 55.Rb4 Rc1 56.Rb6+ Kg7 57.Rb8 Re1 58.Kg5 Rg1+ 59.Kf4 Kf6 1/2-1/2

[Event "Nordic Championship"]
[Site "Vaxjo"]
[Date "2017.06.29"]
[Round "6.9"]
[White "Thogersen, Rasmus"]
[Black "Olofsson-Dolk, Mattis"]
[Result "1-0"]
[WhiteElo "2222"]
[BlackElo "2203"]

1.e4 c5 2.Nf3 d6 3.Bb5+ Nd7 4.O-O a6 5.Bd3 Ngf6 6.Re1 b5 7.c4 b4 8.Bc2 e5 
9.a3 bxa3 10.Rxa3 Be7 11.d3 O-O 12.Bd2 Nb8 13.Ba5 Qe8 14.Ba4 Bd7 15.b4 
Bxa4 16.Rxa4 cxb4 17.Bxb4 Nc6 18.Bd2 Bd8 19.Nc3 Ba5 20.Qa1 Bxc3 21.Bxc3 
Nd7 22.Rxa6 Rxa6 23.Qxa6 Nc5 24.Qb5 Nxd3 25.Rd1 Nc5 26.Rxd6 Nxe4 27.Qxc6 
Nxc3 28.Qxe8 Rxe8 29.Nxe5 Ne4 30.Rd1 f6 31.Ng4 Nc5 32.Ne3 Kf7 33.Rd5 Rc8 
34.Nf5 Nb7 35.g4 Rc7 36.Kg2 g6 37.Ne3 Nc5 38.f4 Ne6 39.Kf3 h6 40.Rd6 Ra7 
41.Ke4 Ke7 42.Rb6 Nc5+ 43.Kd5 Nd7 44.Re6+ Kf7 45.Rc6 Ra3 46.Kd4 Ra2 47.h3 
Rd2+ 48.Ke4 Rh2 49.c5 Rd2 50.Rc7 Ke8 51.Nc4 Rd1 52.Nb6 Nf8 53.f5 g5 54.c6 
Re1+ 55.Kd5 Rd1+ 56.Kc5 Rc1+ 57.Kd6 Rd1+ 58.Nd5 1-0

[Event "Nordic Championship"]
[Site "Vaxjo"]
[Date "2017.06.29"]
[Round "6.10"]
[White "Malm Lindberg, Henrik"]
[Black "Brynell, Stellan"]
[Result "1/2-1/2"]
[WhiteElo "2214"]
[BlackElo "2434"]

1.e4 e6 2.d4 d5 3.Nc3 Nf6 4.e5 Nfd7 5.Nf3 c5 6.dxc5 Nc6 7.Bf4 Nxc5 8.Qd2 
a6 9.a3 Be7 10.h4 f5 11.exf6 Bxf6 12.Bg5 O-O 13.Bd3 Nxd3+ 14.Qxd3 Bd7 15.
O-O-O Be8 16.Qe3 Bf7 17.Ne4 Qe7 18.Nxf6+ gxf6 19.Bh6 Rfe8 20.h5 Kh8 21.g4 
e5 22.g5 fxg5 23.Rdg1 g4 24.Rxg4 Rg8 25.Ng5 Rad8 26.Qg3 Qf6 27.Kb1 Rde8 
28.Nxf7+ Qxf7 29.Bg5 h6 30.Bxh6 Rxg4 31.Qxg4 Rg8 32.Bg5 Qxf2 33.Qe6 Rf8 
34.Qh6+ Kg8 35.Qg6+ Kh8 36.Bh4 Qf5 37.Qh6+ Kg8 38.Rg1+ Kf7 39.Rg7+ Ke8 40.
Be1 Nd4 41.Rxb7 Rf7 42.Qh8+ Rf8 43.Rb8+ Kd7 44.Qxf8 Qxc2+ 45.Ka2 Qc4+ 46.
Kb1 Qc2+ 47.Ka2 Qc4+ 48.Kb1 1/2-1/2

[Event "Nordic Championship"]
[Site "Vaxjo"]
[Date "2017.06.29"]
[Round "6.11"]
[White "Nielsen, Rogvi Egilstoft"]
[Black "Ask, Josef"]
[Result "1-0"]
[WhiteElo "2353"]
[BlackElo "2120"]

1.e4 e5 2.Bc4 Nc6 3.d3 Nf6 4.Nc3 Bb4 5.Ne2 d5 6.exd5 Nxd5 7.O-O Be6 8.Bxd5
Bxd5 9.f4 O-O 10.f5 Bc5+ 11.Kh1 f6 12.Ng3 Re8 13.Qg4 Bf7 14.Nge4 Bf8 15.
Be3 b6 16.Rf3 Kh8 17.Rh3 Nd4 18.Bxd4 exd4 19.Ne2 Qd7 20.Rf1 Re5 21.Rff3 h6
22.N2g3 Rae8 23.Nh5 Qc6 24.Rf2 Rxe4 25.dxe4 Rxe4 26.Qd1 Qe8 27.Rf1 Bc4 28.
Rd3 Bxd3 29.cxd3 Re5 30.b3 c5 31.h3 Re3 32.Nf4 Bd6 33.Ne6 Qc6 34.Kg1 Rg3 
35.Rf2 Qd5 36.Qh5 Kh7 37.Kf1 Qc6 38.h4 Kg8 39.Qd1 Be5 40.Kg1 Qe8 41.Qe2 
Qb5 42.Rf3 Rg4 43.h5 Rh4 44.Rh3 Rxh3 45.Qe4 Bh2+ 46.Kf2 Bd6 47.gxh3 Qa5 
48.Qe2 Qc3 49.Kf3 Qc1 50.Ke4 Qh1+ 51.Qf3 Qh2 52.Kd5 Bb8 53.Kc6 Qd6+ 54.Kb7
b5 55.Qg2 g5 56.Ka8 c4 57.Qb7 Bc7 58.bxc4 bxc4 59.Nxc7 Qf8+ 60.Kxa7 cxd3 
61.Qd5+ Qf7 62.Qd8+ Kh7 63.Kb6 Qxa2 64.Qe7+ Kg8 65.Qd8+ Kh7 66.Qd7+ Kh8 
67.Qxd4 d2 68.Qxf6+ Kh7 69.Qg6+ Kh8 70.Qxh6+ Kg8 71.Qg6+ Kh8 72.Qh6+ Kg8 
73.Qxg5+ Kh8 74.Qh6+ Kg8 75.Qg6+ Kh8 76.Qf6+ Kh7 77.Qe7+ Kg8 78.Qd8+ Kh7 
79.Qd7+ Kg8 80.Nb5 Qb2 81.Qe6+ Kf8 82.Qd6+ Kf7 83.Qg6+ Ke7 84.Qe6+ Kd8 85.
Qd6+ Ke8 86.f6 Qxf6 87.Qxf6 d1=Q 88.Nc7+ Kd7 89.Qe6+ Kd8 90.Qe8# 1-0